书目信息 |
| 题名: |
优良园林绿化树种与繁育技术
|
|
| 作者: | 万少侠, , 刘小平, 主编 | |
| 分册: | ||
| 出版信息: | 郑州 黄河水利出版社 2018 |
|
| 页数: | 168页, [7] 页图版 | |
| 开本: | 24cm | |
| 丛书名: | ||
| 单 册: | ||
| 中图分类: | S680.4 | |
| 科图分类: | ||
| 主题词: | 园林树木--yuan lin shu mu--树种--育苗 | |
| 电子资源: | ||
| ISBN: | 978-7-5509-2074-3 | |
| 000 | 00879nam0 2200253 450 | |
| 001 | 012001001796 | |
| 005 | 20131109091200.0 | |
| 010 | @a978-7-5509-2074-3@dCNY36.00 | |
| 099 | @aCAL 012018187156 | |
| 100 | @a20181204d2018 em y0chiy50 ea | |
| 101 | 0 | @achi |
| 102 | @aCN@b410000 | |
| 105 | @aaf z 000yy | |
| 106 | @ar | |
| 200 | 1 | @a优良园林绿化树种与繁育技术@Ayou liang yuan lin lv hua shu zhong yu fan yu ji shu@f万少侠, 刘小平主编 |
| 210 | @a郑州@c黄河水利出版社@d2018 | |
| 215 | @a168页, [7] 页图版@c彩图@d24cm | |
| 330 | @a本书主要介绍了优良绿化树种、树种的习性、树种的作用价值、树种的繁育、树种的栽培等内容。 | |
| 606 | 0 | @a园林树木@Ayuan lin shu mu@x树种@x育苗 |
| 690 | @aS680.4@v5 | |
| 701 | 0 | @a万少侠,@Awan shao xia@f1965-@4主编 |
| 701 | 0 | @a刘小平,@Aliu xiao ping@f1974-@4主编 |
| 801 | 0 | @aCN@b北京卓展@c20191020 |
| 905 | @b1199008-11@dS680.4@e562@f4 | |
| 优良园林绿化树种与繁育技术/万少侠, 刘小平主编.-郑州:黄河水利出版社,2018 |
| 168页, [7] 页图版:彩图;24cm |
| ISBN 978-7-5509-2074-3:CNY36.00 |
| 本书主要介绍了优良绿化树种、树种的习性、树种的作用价值、树种的繁育、树种的栽培等内容。 |
| ● |
| 相关链接 |
|
|
|
|
正题名:优良园林绿化树种与繁育技术
索取号:S680.4/562
 
预约/预借
| 序号 | 登录号 | 条形码 | 馆藏地/架位号 | 状态 | 备注 |
| 1 | 1199008 | 211990087 | 第二样本阅览室/ [索取号:S680.4/562] | 在馆 | |
| 2 | 1199009 | 211990096 | 第三借阅区/ [索取号:S680.4/562] | 在馆 | |
| 3 | 1199010 | 211990103 | 第三借阅区/ [索取号:S680.4/562] | 在馆 | |
| 4 | 1199011 | 211990112 | 第三借阅区/ [索取号:S680.4/562] | 在馆 |